| 000 | 00734cam a2200205 a 4500 | ||
|---|---|---|---|
| 001 | ES-MaREB01259241-0 | ||
| 003 | OSt | ||
| 005 | 20141204152104.0 | ||
| 008 | 120725s1960 d | ||
| 040 | _cBMC | ||
| 082 | _a200.800 | ||
| 100 | 1 |
_aMoeller, Charles _928354 _d1912-1986 |
|
| 245 | 1 | 0 |
_aLiteratura del siglo XX y cristianismo _nIV _pLa esperanza en Dios nuestro padre _cCharles Moeller ; versión española de Valentín García Yebra |
| 260 |
_aMadrid _bGredos _c1960 |
||
| 300 |
_a662 p _c20 cm |
||
| 505 | _aEn la port.: Ana Frank - Unamuno - Ch Du Bos - G. Marcel - Hochwälder - Péguy | ||
| 650 | 2 | 4 |
_aCristianismo y literatura _911897 |
| 700 | 1 |
_910459 _aGarcía Yebra, Valentín _d1917-2010 |
|
| 942 |
_2ddc _cBK |
||
| 999 |
_c15739 _d15739 |
||